Statistics for Elder Scrolls races

Click here to take the quiz!

General Stats

  • This quiz has been taken 263 times
  • The average score is 9 of 10

Answer Stats

HintAnswer% Correct
Skyrimnord
96%
Black Marshargonian
93%
Cyrodiilimperial
93%
Orsiniumorc
92%
Hammerfellredguard
91%
High Rockbreton
89%
Valenwoodbosmer
81%
Morrowinddunmer
81%
Elsweyrkhajiit
81%
Summerset Islealtmer
79%

Score Distribution

Percentile by Number Answered

Percent of People with Each Score

Your Score History

You have not taken this quiz